Materials science of thin films (Record no. 352)

000 -LEADER
fixed length control field 00566nam a22002174a 4500
001 - CONTROL NUMBER
control field 352
003 - CONTROL NUMBER IDENTIFIER
control field BD-DhUET
008 - FIXED-LENGTH DATA ELEMENTS--GENERAL INFORMATION
fixed length control field 010328s2002 caua b 001 0 eng
020 ## - INTERNATIONAL STANDARD BOOK NUMBER
International Standard Book Number 9780125249850
020 ## - INTERNATIONAL STANDARD BOOK NUMBER
International Standard Book Number 9789381269534
040 ## - CATALOGING SOURCE
Original cataloging agency DLC
Transcribing agency 0
Modifying agency BD-DhUET
082 00 - DEWEY DECIMAL CLASSIFICATION NUMBER
Classification number 623.8152
Item number OHR/2002
100 ## - MAIN ENTRY--PERSONAL NAME
Personal name Ohring, Milton
245 10 - TITLE STATEMENT
Title Materials science of thin films
Remainder of title deposition and structure
250 ## - EDITION STATEMENT
Edition statement 2nd ed.
260 ## - PUBLICATION, DISTRIBUTION, ETC. (IMPRINT)
Place of publication, distribution, etc. New Delhi
Name of publisher, distributor, etc. Academic Press
Date of publication, distribution, etc. 2002
300 ## - PHYSICAL DESCRIPTION
Extent xxi, 794 p.
Other physical details
504 ## - BIBLIOGRAPHY, ETC. NOTE
Bibliography, etc Includes bibliographies
650 #0 - SUBJECT ADDED ENTRY--TOPICAL TERM
Topical term or geographic name as entry element Thin films
942 ## - ADDED ENTRY ELEMENTS (KOHA)
Koha item type General Book
Holdings
Damaged status Koha out on loan Lost status Shelving location Location (home branch) Date acquired Koha date last borrowed Source of classification or shelving scheme Koha date last seen Koha issues (times borrowed) Koha normalized classification for sorting Not for loan Sublocation or collection (holding branch) Withdrawn status Piece designation (barcode) Koha item type Price effective from Koha full call number Copy number
   Circulation sectionCentral Library, BUET2014-07-20  2014-07-20 623_000000000000000_8152OHR200 Central Library, BUET 111604General Book2014-07-20623.8152/OHR/20021
   Circulation sectionCentral Library, BUET2016-06-182023-11-08 2024-06-121623_815200000000000_OHR_2002 Central Library, BUET 114734General Book2016-10-02623.8152/OHR/20022
 2025-01-12 Circulation sectionCentral Library, BUET2016-06-182024-01-13 2024-01-131623_815200000000000_OHR_2002 Central Library, BUET 114735General Book2016-10-02623.8152/OHR/20023
   Reading sectionCentral Library, BUET2018-06-27  2018-09-22 623_815200000000000_OHR_2002 Central Library, BUET 116652General Book2018-09-22623.8152/OHR/20024